[Event "5th ch-Asian"]
[Site "Hyderabad IND"]
[Date "2005.10.06"]
[Round "1"]
[White "Suvrajit,S"]
[Black "Zhou Jianchao"]
[Result "1/2-1/2"]
[WhiteElo "2378"]
[BlackElo "2516"]

1.d4 Nf6 2.c4 g6 3.Nc3 Bg7 4.e4 O-O 5.Nf3 d6 6.Be2 e5 7.O-O Nc6 8.d5 Ne7
9.Ne1 Nd7 10.Be3 f5 11.f3 f4 12.Bf2 g5 13.a4 a5 14.Nd3 b6 15.Be1 Nc5 16.Nb5 Kh8
17.b4 axb4 18.Bxb4 c6 19.Nc3 Nxd3 20.Qxd3 c5 21.Ba3 h5 22.Bc1 Ng8 23.h3 Nh6
24.Bd2 Bf6 25.Nb5 Rg8 26.Ra3 g4 27.fxg4 hxg4 28.hxg4 Bh4 29.Qh3 Bxg4 30.Bxg4 Rxg4
31.Be1 Bg5 32.Qh5 Kg7 33.Rff3 Be7 34.Rh3 Rg6 35.Kh1 Qd7 36.a5 bxa5 37.Rxa5 Rxa5
38.Bxa5 Qg4 39.Qxg4 Nxg4 40.Be1 Ne3 41.Na3 Bd8 42.g3 f3 43.Kg1 Ng4 44.Nb5 Bg5
45.Bf2 Rf6 46.Nc7 Rf7 47.Ne6+ Kg6 48.Nxg5 Kxg5 49.Rh8 Rg7 50.Rf8 Nf6 51.Be3+ Kg6
52.Kf2 Ng4+ 53.Kxf3 Nf6 54.Rd8 Rd7 55.Rf8 Rh7 56.Rd8 Kh5 57.g4+ Nxg4 58.Bxc5 Rc7  1/2-1/2

[Event "Vojvodina Quality League"]
[Site "Pancevo SCG"]
[Date "2005.10.06"]
[Round "6"]
[White "Ubiparip,Z"]
[Black "Kitic,D"]
[Result "0-1"]
[WhiteElo "2146"]
[BlackElo "2263"]

1.Nf3 Nf6 2.c4 g6 3.Nc3 Bg7 4.e4 d6 5.d4 O-O 6.Be2 e5 7.O-O Nc6 8.d5 Ne7
9.Ne1 Nd7 10.Be3 f5 11.f3 f4 12.Bf2 g5 13.a4 Nf6 14.a5 Ng6 15.c5 Rf7 16.cxd6 cxd6
17.Nb5 g4 18.Nxa7 g3 19.Bb6 gxh2+ 20.Kxh2 Qe7 21.Nxc8 Rxc8 22.Rc1 Rxc1 23.Qxc1 Nh5
24.Qc8+ Rf8 25.Qe6+ Qxe6 26.dxe6 Ng3 27.Rf2 Ne7 28.Bc4 Rf6 29.Rd2 Rh6+ 30.Kg1 Rh1+
31.Kf2 Bf6 32.Bd8 Bh4 33.Nc2 Nxe4+ 34.Ke2 Nxd2 35.Kxd2 d5 36.Ba2 d4 37.b4 d3
38.Na3 Ra1 39.Bc4 Be1+ 40.Kxd3 Rxa3+  0-1

[Event "Open A"]
[Site "Hamburg GER"]
[Date "2005.10.07"]
[Round "7"]
[White "Zimmermann,Pa"]
[Black "Helmbold,I"]
[Result "1-0"]
[WhiteElo "2213"]
[BlackElo "1992"]

1.d4 Nf6 2.c4 g6 3.Nc3 Bg7 4.e4 d6 5.Be2 O-O 6.Nf3 e5 7.O-O Nc6 8.d5 Ne7
9.Ne1 Nd7 10.Nd3 f5 11.Bd2 Nf6 12.f3 f4 13.Rc1 g5 14.c5 Ng6 15.cxd6 cxd6
16.Nf2 h5 17.h3 Rf7 18.Nb5 Bf8 19.a4 Rg7 20.Be1 Kh8 21.Kh2 Rh7 22.Rc4 Nh4
23.Nd3 Ng6 24.Qc2 Ne8 25.Nf2 a6 26.Na3 Nf6 27.Qd1 Nh4 28.Rc2 g4 29.fxg4 hxg4
30.Bxg4 Bxg4 31.Nxg4 Nxe4 32.Qd3 Nc5 33.Rxc5 dxc5 34.Nxe5 Qg5 35.Bxh4 Qxe5
36.Nc4 Qh5 37.Bf6+ Bg7 38.Rxf4 Bxf6 39.Rxf6 b5 40.axb5 axb5 41.Rf5 Qh6 42.Ne5 Qd6
43.Qg3  1-0

[Event "Vojvodina Quality League"]
[Site "Pancevo SCG"]
[Date "2005.10.08"]
[Round "8"]
[White "Bogic,S"]
[Black "Bokan,D"]
[Result "0-1"]
[WhiteElo "2286"]
[BlackElo "2312"]

1.d4 Nf6 2.c4 g6 3.Nc3 Bg7 4.e4 d6 5.Nf3 O-O 6.Be2 e5 7.O-O Nc6 8.d5 Ne7
9.Bg5 Ne8 10.Nd2 f5 11.f3 f4 12.Bh4 Bf6 13.Bf2 h5 14.b4 g5 15.c5 Kh8 16.Rc1 Ng8
17.cxd6 cxd6 18.Nc4 Nh6 19.a4 g4 20.Kh1 Rg8 21.Nb5 Bh4 22.fxg4 Bxf2 23.Rxf2 Nxg4
24.Bxg4 Bxg4 25.Qd3 a6 26.Nba3 Rc8 27.Rfc2 Rc7 28.Nd2 Rcg7 29.Nf3 Bd7 30.b5 a5
31.Nc4 h4 32.Qc3 b6 33.Qe1 h3 34.Qh4+ Qxh4 35.Nxh4 Bg4 36.g3 Rh7 37.Nd2 Nf6
38.Re1 Bd7 39.Rc3 Ng4 40.Ndf3 Nf6 41.Nd2 Rhg7 42.Rg1 Ng4 43.Re1 Ne3 44.Nf1 Ng4
45.Rc7 Nf2+ 46.Kg1 Nd3 47.Rd1 Nc5 48.Re1 Nxa4 49.Nd2 fxg3 50.hxg3 Rxg3+ 51.Kf2 Nc5
52.Rh1 Bxb5 53.Ndf3 Nxe4+ 54.Ke3 Ng5 55.Kf2 Nxf3 56.Nxf3 e4 57.Nd4 e3+ 58.Ke1 Rg1+  0-1

[Event "TCh-FIN 2005-6"]
[Site "Espoo FIN"]
[Date "2005.10.09"]
[Round "4"]
[White "Agopov,M"]
[Black "Hartikainen,M"]
[Result "1-0"]
[WhiteElo "2388"]
[BlackElo "2284"]

1.Nf3 Nf6 2.c4 g6 3.Nc3 Bg7 4.e4 d6 5.d4 O-O 6.Be2 e5 7.O-O Nc6 8.d5 Ne7
9.Nd2 a5 10.a3 Nd7 11.Rb1 f5 12.b4 Kh8 13.Qc2 Ng8 14.Nb5 axb4 15.axb4 Ndf6
16.f3 c6 17.Nc3 Bh6 18.Kh1 Nh5 19.Nb3 Qh4 20.Rd1 Bxc1 21.Rbxc1 Ngf6 22.Bd3 fxe4
23.Bxe4 Ng3+ 24.Kg1 Ngxe4 25.Nxe4 Bf5 26.Qf2 Qxf2+ 27.Nxf2 cxd5 28.cxd5 Ra2
29.Na5 e4 30.Nxb7 exf3 31.gxf3 Nh5 32.Nxd6 Nf4 33.Rc7 Bc2 34.Re1 Nxd5 35.Rb7 Ra3
36.Nf7+ Kg8 37.Ng4 Rxf3 38.Ng5  1-0

[Event "5th ch-Asian"]
[Site "Hyderabad IND"]
[Date "2005.10.12"]
[Round "6"]
[White "Gnusarev,P"]
[Black "Iuldachev,S"]
[Result "1-0"]
[WhiteElo "2426"]
[BlackElo "2543"]

1.d4 g6 2.c4 Bg7 3.Nf3 Nf6 4.Nc3 O-O 5.e4 d6 6.Be2 e5 7.O-O Nc6 8.d5 Ne7
9.Ne1 Nd7 10.Nd3 f5 11.Bd2 Nf6 12.f3 f4 13.c5 g5 14.cxd6 cxd6 15.Nf2 Ng6
16.Qc2 h5 17.Nb5 Rf7 18.Rfc1 Ne8 19.a4 Bd7 20.Qd1 Bf8 21.Rc3 Nh4 22.a5 Rg7
23.h3 a6 24.Na3 b5 25.axb6 Qxb6 26.Nc4 Qd4 27.Be1 Bb5 28.Na5 Nc7 29.Qxd4 exd4
30.Rc2 Bxe2 31.Rxe2 Re8 32.Rd2 Nb5 33.Nc6 Rb7 34.Rxa6 Nf5 35.exf5 Rxe1+ 36.Kh2 Nc7
37.Ra5 Ne8 38.Nxd4 Nf6 39.Nd3 Rb1 40.Ne6 Bh6 41.h4 gxh4 42.Ndxf4 Kh7 43.Re2 Rd1
44.b4 Re7 45.Ng6 Rb7 46.Ra8 Bg7 47.Ng5+  1-0

[Event "Goodbye Summer Open"]
[Site "Omis CRO"]
[Date "2005.10.13"]
[Round "6"]
[White "Rezan,S"]
[Black "Ribicic,M"]
[Result "1-0"]
[WhiteElo "2421"]
[BlackElo "2192"]

1.d4 Nf6 2.Nf3 g6 3.c4 Bg7 4.Nc3 O-O 5.e4 d6 6.Be2 e5 7.O-O Nc6 8.Be3 h6
9.d5 Ne7 10.Nd2 Nxe4 11.Ndxe4 f5 12.f3 fxe4 13.fxe4 Rxf1+ 14.Qxf1 Bd7 15.b4 Qf8
16.Qxf8+ Bxf8 17.Nb5 c5 18.Nxd6 cxb4 19.Nxb7 Bc8 20.Na5 Kg7 21.Bc5 Ba6 22.Bd6 Nc8
23.Bxe5+ Kg8 24.Bd4 Nd6 25.e5 Nf5 26.Bf2 Bg7 27.Nc6 Bxe5 28.Nxe5 Re8 29.d6 Nxd6
30.Bd4 Nf7 31.Nxf7 Rxe2 32.Nd6 Rc2 33.Re1  1-0

[Event "TCh-CZE Extraliga 2005-6"]
[Site "Czech Rep CZE"]
[Date "2005.10.15"]
[Round "1"]
[White "Babula,V"]
[Black "Hausner,I"]
[Result "1-0"]
[WhiteElo "2593"]
[BlackElo "2441"]

1.d4 Nf6 2.c4 g6 3.Nc3 Bg7 4.e4 d6 5.Nf3 O-O 6.Be2 e5 7.O-O Nc6 8.d5 Ne7
9.b4 c6 10.dxc6 bxc6 11.Bg5 h6 12.Bxf6 Bxf6 13.Qd2 Rb8 14.Rab1 g5 15.Rfd1 g4
16.Ne1 Ng6 17.g3 Be6 18.Nc2 Bg5 19.Qxd6 Qc8 20.Qc5 Be7 21.Qa5 Bd8 22.Qa4 a5
23.b5 cxb5 24.Rxb5 Ra8 25.Rbb1 Ra6 26.Nd5 Rc6 27.Nce3 h5 28.Rb2 Rc5 29.Rb5 Kg7
30.Rdb1 Qd7 31.Qa3 Rc8 32.Rb7 Qc6 33.Nf5+ Kh8 34.Qe3  1-0

[Event "Femida w"]
[Site "Kharkiv UKR"]
[Date "2005.10.17"]
[Round "2"]
[White "Dvoretska,O"]
[Black "Petrenko,S"]
[Result "0-1"]
[WhiteElo "2122"]
[BlackElo "2327"]

1.d4 Nf6 2.c4 g6 3.Nc3 Bg7 4.e4 d6 5.Nf3 O-O 6.Be2 e5 7.O-O Nc6 8.d5 Ne7
9.b4 Ne8 10.Nd2 f5 11.Bf3 Nf6 12.Re1 f4 13.c5 g5 14.h3 Ng6 15.a4 Rf7 16.Ba3 Bf8
17.cxd6 cxd6 18.Rc1 Rg7 19.Bg4 Nxg4 20.hxg4 Nh4 21.Nf1 h5 22.Nh2 Qf6 23.Nb5 Bd7
24.Rc4 a6 25.Nc3 b5 26.Rc7 Qd8 27.Rxd7 Qxd7 28.gxh5 g4 29.g3 fxg3 30.fxg3 Qa7+
31.Kh1 Qf2 32.Rg1 Nf3 33.Nxf3 gxf3 34.axb5 Rg5  0-1

[Event "Chigorin Mem"]
[Site "St Petersburg RUS"]
[Date "2005.10.18"]
[Round "4"]
[White "Ionov,S"]
[Black "Smirnov,Arte"]
[Result "1-0"]
[WhiteElo "2522"]
[BlackElo "2375"]

1.Nf3 Nf6 2.c4 g6 3.Nc3 Bg7 4.e4 d6 5.d4 O-O 6.Be2 e5 7.O-O Nc6 8.d5 Ne7
9.Nd2 a5 10.a3 Nd7 11.Rb1 f5 12.b4 axb4 13.axb4 Kh8 14.Qc2 Ng8 15.exf5 gxf5
16.f4 Ne7 17.Nf3 e4 18.Ng5 Nf6 19.Qb3 c6 20.Be3 h6 21.Nh3 Ng4 22.Bxg4 fxg4
23.Nf2 Nf5 24.Ncxe4 cxd5 25.cxd5 Re8 26.Bd2 Nd4 27.Qd3 Ra2 28.b5 Bf5 29.Rfe1 Qh4
30.Rbc1 Rxd2 31.Qxd2 Nb3 32.Nxd6 Nxd2 33.Rxe8+ Kh7 34.Nxf5 Qf6 35.Nxg7 Qxg7
36.Nxg4 Qd4+ 37.Kh1 Qxf4 38.Rce1 Nc4 39.R8e7+ Kg8 40.Nxh6+ Kh8 41.Rf7  1-0

[Event "Chigorin Mem"]
[Site "St Petersburg RUS"]
[Date "2005.10.19"]
[Round "5"]
[White "Akimov,I"]
[Black "Giri,A"]
[Result "1-0"]
[WhiteElo "2434"]
[BlackElo "2122"]

1.d4 Nf6 2.c4 g6 3.Nc3 Bg7 4.e4 d6 5.Nf3 O-O 6.Be2 e5 7.O-O Nc6 8.d5 Ne7
9.b4 a5 10.bxa5 Rxa5 11.Nd2 Nd7 12.Nb3 Ra8 13.Be3 f5 14.f3 b6 15.a4 Nc5 16.a5 Kh8
17.axb6 Rxa1 18.Nxa1 cxb6 19.Nb3 Ng8 20.Nxc5 bxc5 21.Qa4 Nf6 22.Qc6 fxe4
23.fxe4 Ng4 24.Bxg4 Rxf1+ 25.Kxf1 Bxg4 26.h3 Bc8 27.Bg5 Qf8+ 28.Kg1 h6 29.Bd2 Qd8
30.Nb5 Bf8 31.Qa8 Be7 32.Bxh6 Kh7 33.Bd2 Bg5 34.Bxg5 Qxg5 35.Qa3 Qf6 36.Qa8 Bxh3
37.Qa7+ Kh6 38.Nxd6 Qxd6 39.gxh3 Qf8 40.Qa3 Qf4 41.Qd3 Qc1+ 42.Kg2 Qg5+ 43.Kf2 Qf4+
44.Ke2 g5 45.d6 Qh2+ 46.Kd1 Qg1+ 47.Kc2 Qg2+ 48.Kb3 g4 49.hxg4  1-0

[Event "Jababeka Women"]
[Site "Jakarta INA"]
[Date "2005.10.22"]
[Round "2"]
[White "Khegai,A"]
[Black "Vidawati,S"]
[Result "1-0"]
[WhiteElo "2243"]
[BlackElo "2122"]

1.d4 Nf6 2.Nf3 g6 3.c4 Bg7 4.Nc3 d6 5.e4 O-O 6.Be2 e5 7.O-O Nc6 8.d5 Ne7
9.b4 Nd7 10.a4 f5 11.Ng5 Nf6 12.f3 h6 13.Ne6 Bxe6 14.dxe6 Qc8 15.Nd5 Re8
16.c5 dxc5 17.bxc5 fxe4 18.Nxf6+ Bxf6 19.fxe4 Qxe6 20.Bxh6 Kh7 21.Qc1 Ng8
22.Bc4 Qe7 23.Be3 Rf8 24.Rf3 g5 25.Ra2 Nh6 26.Rg3 Rad8 27.Rf2 Nf7 28.h4 gxh4
29.Rgf3 Ng5 30.Rxf6 Rxf6 31.Bxg5 Rdf8 32.Bxf6 Rxf6 33.Qg5 Re6 34.Qh5+ Rh6
35.Rf7+  1-0

[Event "TCh-BEL 2005-6"]
[Site "Belgium BEL"]
[Date "2005.10.23"]
[Round "2"]
[White "Petzold,K"]
[Black "Piacentini,C"]
[Result "1-0"]
[WhiteElo "2235"]
[BlackElo "2121"]

1.c4 Nf6 2.Nc3 g6 3.e4 d6 4.d4 Bg7 5.Nf3 O-O 6.Be2 e5 7.O-O Nc6 8.d5 Ne7
9.b4 Nd7 10.a4 a5 11.bxa5 Rxa5 12.Nd2 f5 13.Re1 b6 14.Nb3 Ra8 15.a5 Bb7 16.Bf1 f4
17.Be2 h5 18.Nb5 bxa5 19.Nxa5 Ba6 20.Bd2 Kh7 21.Bb4 Kh6 22.Ra3 Nf6 23.Qc2 g5
24.Rea1 Qd7 25.Nb3 Bb7 26.c5 Nfxd5 27.exd5 Nxd5 28.Rxa8 Nxb4 29.Qc4 Bxa8
30.Qxb4 e4 31.Rxa8 Rxa8 32.Qxe4 Re8 33.Qf3 Qxb5 34.Qxh5+  1-0

[Event "Chigorin Mem"]
[Site "St Petersburg RUS"]
[Date "2005.10.23"]
[Round "9"]
[White "Shchukin,D"]
[Black "Semenova,Ir"]
[Result "1-0"]
[WhiteElo "2348"]
[BlackElo "2216"]

1.d4 Nf6 2.c4 g6 3.Nc3 Bg7 4.e4 d6 5.Nf3 O-O 6.Be2 e5 7.O-O Nc6 8.d5 Ne7
9.Ne1 Ne8 10.Be3 f5 11.f3 f4 12.Bf2 h5 13.Nd3 g5 14.c5 Ng6 15.Qb3 g4 16.Rfc1 g3
17.Be1 gxh2+ 18.Kh1 Qg5 19.cxd6 cxd6 20.Nb5 Rf7 21.Bf1 Bf8 22.Rc2 Rg7 23.Nxa7 Bg4
24.fxg4 Rxa7 25.gxh5 Nh4 26.Nxe5 dxe5 27.d6+ Kh7 28.Qh3 Nxd6 29.Bxh4 Qxh5
30.Bf6 Qxh3 31.gxh3 Nxe4 32.Bd3 Ra4 33.Re2 Rg1+ 34.Rxg1 hxg1=Q+ 35.Kxg1 Kg6
36.Rxe4 Rxe4 37.Bxe5 Kf5 38.Bb8  1-0

[Event "Jababeka Women"]
[Site "Jakarta INA"]
[Date "2005.10.26"]
[Round "9"]
[White "Khegai,A"]
[Black "Tamin,U"]
[Result "1/2-1/2"]
[WhiteElo "2243"]
[BlackElo "2219"]

1.d4 Nf6 2.c4 g6 3.Nc3 Bg7 4.e4 d6 5.Nf3 O-O 6.Be2 e5 7.O-O Nc6 8.d5 Ne7
9.b4 Nh5 10.Re1 f5 11.Ng5 Nf6 12.f3 c6 13.Be3 cxd5 14.cxd5 fxe4 15.fxe4 Kh8
16.Rc1 a6 17.Na4 Bh6 18.Bf3 Bxg5 19.Bxg5 Bd7 20.Be3 Nc8 21.Nb2 b5 22.Qe2 a5
23.a3 axb4 24.axb4 Nb6 25.Rc2 Ra2 26.Rec1 Na4 27.Nd1 Rxc2 28.Rxc2 Nb6 29.Bh6 Rf7
30.h4 Nc4 31.Ne3 Ng8 32.Bg5 Qb6 33.Kh2 h6 34.Nxc4 bxc4 35.Be3 Qxb4 36.Qxc4 Qxc4
37.Rxc4 Kg7 38.Rb4 Nf6 39.Rb6 Ne8 40.Bd2 h5 41.Bg5 Ba4 42.Kg3 Bc2 43.Rc6 Bb1
44.Rc8 Nf6 45.Rd8 Nxe4+ 46.Bxe4 Bxe4 47.Rxd6 Bf5 48.Rb6  1/2-1/2

[Event "Jababeka Women"]
[Site "Jakarta INA"]
[Date "2005.10.27"]
[Round "11"]
[White "Khegai,A"]
[Black "Lumongdong,L"]
[Result "1-0"]
[WhiteElo "2243"]
[BlackElo "2163"]

1.d4 Nf6 2.c4 g6 3.Nc3 Bg7 4.e4 d6 5.Nf3 O-O 6.Be2 e5 7.O-O Nc6 8.d5 Ne7
9.b4 Nh5 10.Re1 f5 11.Ng5 Nf6 12.f3 c6 13.Be3 Ne8 14.dxc6 bxc6 15.c5 d5 16.exd5 Nxd5
17.Nxd5 cxd5 18.Rc1 Nc7 19.f4 h6 20.Nf3 e4 21.Nd4 g5 22.g3 Qf6 23.Qb3 Rd8
24.Kh1 Kh7 25.Red1 gxf4 26.gxf4 Bd7 27.b5 Ne6 28.Qxd5 Nxd4 29.Bxd4 Qe7 30.Bxg7 Kxg7
31.Rg1+ Kh7 32.Bh5 Rg8 33.Bg6+ Kh8 34.Bf7  1-0

[Event "Open A"]
[Site "Liberec CZE"]
[Date "2005.10.27"]
[Round "7"]
[White "Almond,R"]
[Black "Kohout,Ja"]
[Result "1-0"]
[WhiteElo "2096"]
[BlackElo "2010"]

1.d4 Nf6 2.c4 g6 3.Nc3 Bg7 4.e4 d6 5.Nf3 O-O 6.Be2 e5 7.O-O Nc6 8.d5 Ne7
9.Ne1 Nd7 10.f3 f5 11.g4 Kh8 12.Nd3 c5 13.a3 Ng8 14.b4 b6 15.Rb1 Bh6 16.Nb5 Bxc1
17.Qxc1 Ndf6 18.exf5 gxf5 19.g5 Ne8 20.f4 a6 21.Nc3 Qe7 22.bxc5 bxc5 23.h4 Ra7
24.fxe5 dxe5 25.Qe3 e4 26.Nf4 Rc7 27.Na4 Rf7 28.Nb6 Qe5 29.Nxc8 Rxc8 30.Ne6 Ng7
31.Qf4 Qc3 32.Nxg7 Rxg7 33.Kg2 Qc2 34.Rbe1 Rf8 35.Qe5 Ne7 36.h5 Kg8 37.d6 Qd2
38.dxe7  1-0

[Event "TCh-HUN 2005-6"]
[Site "Hungary HUN"]
[Date "2005.10.30"]
[Round "2"]
[White "Flumbort,A"]
[Black "Nevednichy,V"]
[Result "1-0"]
[WhiteElo "2448"]
[BlackElo "2594"]

1.d4 Nf6 2.c4 d6 3.Nf3 g6 4.Nc3 Bg7 5.e4 O-O 6.Be2 e5 7.O-O Nc6 8.d5 Ne7
9.b4 Nh5 10.Re1 a5 11.bxa5 f5 12.Ng5 Nf6 13.Bf3 Rxa5 14.a4 Kh8 15.Ba3 fxe4
16.Ncxe4 Nxe4 17.Nxe4 b6 18.Bb4 Ra6 19.a5 bxa5 20.Bxa5 Nf5 21.c5 dxc5 22.Nxc5 Rd6
23.Bb4 Nd4 24.Be4 Re8 25.Ra8 Qf6 26.Ne6 Rb6 27.Qa4 Rg8 28.Nxc7 Bf8 29.d6 Rxb4
30.Qxb4 Bxd6 31.Qb6 Rf8 32.f3 Qh4 33.g3 Qe7 34.Nd5 Qe6 35.Kh1 Nf5 36.g4 Nd4
37.Rc1 Bd7 38.Rxf8+ Bxf8 39.Qd8 Qd6 40.Nf6 Be6 41.Rc7 Bg8 42.Qxd6  1-0

[Event "ch-Elwood"]
[Site "Elwood AUS"]
[Date "2005.11.01"]
[Round "6"]
[White "Voon,R"]
[Black "Goldenberg,I"]
[Result "0-1"]
[WhiteElo "2090"]
[BlackElo "2335"]

1.Nf3 Nf6 2.c4 g6 3.Nc3 Bg7 4.e4 d6 5.d4 O-O 6.Be2 e5 7.O-O Nc6 8.d5 Ne7
9.b4 Nh5 10.Re1 f5 11.Ng5 Nf6 12.Bf3 a5 13.b5 fxe4 14.Ncxe4 Nf5 15.Ne6 Bxe6
16.dxe6 Nd4 17.Be3 Nxf3+ 18.Qxf3 Nxe4 19.Qxe4 b6 20.Rad1 Qe7 21.f4 Qxe6 22.fxe5 Bxe5
23.Qc6 Qf7 24.Rf1 Qg7 25.Rfe1 Rae8 26.Bg5 Kh8 27.Kh1 h6 28.Bh4 Qf7 29.Rg1 g5
30.Bxg5 hxg5 31.Rd3 g4 32.Qe4 Qf4 33.Qxf4 Rxf4 34.h3 Re7 35.g3 Rf2 36.h4 Ref7
37.Rg2 Kg7 38.Re3 Kg6 39.Kg1 Bd4 40.Re4 R2f4+  0-1

[Event "TCh-BEL 2005-6"]
[Site "Belgium BEL"]
[Date "2005.11.06"]
[Round "3"]
[White "Mullon,J"]
[Black "Le Quang,K"]
[Result "1/2-1/2"]
[WhiteElo "2355"]
[BlackElo "2323"]

1.d4 Nf6 2.Nf3 g6 3.c4 Bg7 4.Nc3 O-O 5.e4 d6 6.Be2 e5 7.O-O Nc6 8.d5 Ne7
9.b4 Nh5 10.Re1 f5 11.Ng5 Nf6 12.Qb3 fxe4 13.Bf1 Nf5 14.Ngxe4 Nd4 15.Qd1 Nxe4
16.Nxe4 Bf5 17.Bg5 Qd7 18.f3 a5 19.bxa5 Rxa5 20.Bd2 Ra4 21.a3 Rfa8 22.Bb4 Bxe4
23.Rxe4 c5 24.dxc6 bxc6 25.c5 d5 26.Re1 e4 27.Rc1 exf3 28.gxf3 Qf7 29.Re3 R4a7
30.Rd3 Ne6 31.Kh1 Nf4 32.Re3 Bf6 33.Qd2 Bh4 34.Rb1 Rf8 35.Qd4 Qf6 36.Qxf6 Bxf6
37.Bd2 Bd4 38.Reb3 Bxc5 39.Rc1 Bxa3 40.Rxc6 Be7 41.Rb1 Ra2 42.Rd1 Bg5 43.Rd6 Rf5
44.Rd7 Rc2 45.Be1 Rf7 46.Rd6 Rb7 47.Bg3 Kf7 48.Re1 Re7 49.Ra1  1/2-1/2

[Event "WJun"]
[Site "Instanbul TUR"]
[Date "2005.11.19"]
[Round "10"]
[White "Lenic,L"]
[Black "Perdomo,L"]
[Result "1-0"]
[WhiteElo "2476"]
[BlackElo "2373"]

1.d4 Nf6 2.Nf3 g6 3.c4 Bg7 4.Nc3 O-O 5.e4 d6 6.Be2 e5 7.O-O Nc6 8.d5 Ne7
9.Ne1 Nd7 10.Nd3 f5 11.exf5 gxf5 12.f4 Ng6 13.g3 Re8 14.Kh1 Kh8 15.fxe5 Ndxe5
16.Nf4 Nxf4 17.Bxf4 Ng6 18.Bd3 Bd7 19.Qc2 Qf6 20.Bd2 Ne5 21.b3 Nxd3 22.Qxd3 Re7
23.Ne2 Rae8 24.Bc3 Qh6 25.Bxg7+ Qxg7 26.Nf4 Re3 27.Qd2 Qe5 28.Rad1 b6 29.Kg1 a5
30.Kf2 a4 31.Rfe1 Re4 32.Rxe4 fxe4 33.Ke3 Kg8 34.b4 Qf5 35.Qe2 Qf6 36.Rd4 Qf5
37.Qh5 Re5 38.a3 Re7 39.Qh4 Qf8 40.Rxe4 Qf5 41.Nd3 Rxe4+ 42.Qxe4 Qf1 43.Qf4 Qg1+
44.Qf2 Qa1 45.Qf4 Qxa3 46.Qf6 Be8 47.Qd8 Kf8 48.Qxc7 Bg6 49.Qxd6+ Ke8 50.Qe6+ Kf8
51.Qf6+ Ke8 52.Qe5+ Kd8 53.Qf6+ Ke8 54.Qc6+ Kf8 55.Qc8+ Kg7 56.Qc7+ Kg8 57.Qd8+ Kg7
58.Qd7+ Kf8 59.Qd6+ Ke8 60.Qe6+ Kf8 61.Qf6+ Ke8 62.Qh8+ Kd7 63.Qd4 Bxd3 64.Qxd3 Qxb4
65.Qxh7+ Kc8 66.Qc2 a3 67.Kd3 Qe1 68.Qe2 Qc1 69.g4 Kd7 70.g5  1-0

[Event "WJun"]
[Site "Instanbul TUR"]
[Date "2005.11.19"]
[Round "10"]
[White "Citak,S"]
[Black "Shlykov,V"]
[Result "1/2-1/2"]
[WhiteElo "2291"]
[BlackElo "2238"]

1.d4 Nf6 2.c4 g6 3.Nc3 Bg7 4.e4 d6 5.Nf3 O-O 6.Be2 e5 7.O-O Nc6 8.d5 Ne7
9.Nd2 Ne8 10.b4 f5 11.c5 Kh8 12.Nc4 Ng8 13.Ba3 Ngf6 14.f3 Rf7 15.b5 Bf8 16.b6 axb6
17.cxb6 cxb6 18.Qb3 f4 19.Rab1 Nd7 20.Bc1 Ra6 21.Bd2 h5 22.Be1 g5 23.Bf2 g4
24.fxg4 Nc5 25.Qd1 Rg7 26.Bxc5 bxc5 27.gxh5 Bh3 28.Bf3 Qg5 29.Rb2 Nf6 30.Kh1 Bg4
31.Bxg4 Nxg4 32.Qf3 Qxh5 33.Qh3 Qxh3 34.gxh3 Nf6 35.Rfb1 Rh7 36.Kg2 f3+ 37.Kg3 Bh6
38.Kxf3 Bf4 39.Kg2 Ra8 40.Nxd6 Rg8+ 41.Kf1 Rxh3 42.Ne2 Ng4 43.Rxb7 Ne3+ 44.Ke1 Nc2+
45.Kd1 Ne3+ 46.Ke1 Nc2+ 47.Kd1 Ne3+  1/2-1/2

[Event "WJun"]
[Site "Instanbul TUR"]
[Date "2005.11.19"]
[Round "10"]
[White "Acuner,E"]
[Black "Laval,B"]
[Result "1/2-1/2"]
[WhiteElo "1903"]
[BlackElo "2214"]

1.d4 g6 2.e4 Bg7 3.Nf3 d6 4.c4 Nf6 5.Nc3 O-O 6.Be2 e5 7.O-O Nc6 8.d5 Ne7
9.Ne1 Nd7 10.Nd3 f5 11.exf5 gxf5 12.f4 e4 13.Nf2 Nf6 14.Be3 c5 15.h3 a6 16.g4 Rb8
17.g5 Ne8 18.Qd2 Bd7 19.a4 Nc7 20.Ra2 Ng6 21.Kg2 h6 22.gxh6 Bxh6 23.Rg1 Qh4
24.Kh1 Kh7 25.Bf1 Nxf4  1/2-1/2

[Event "TCh-HUN 2005-6"]
[Site "Hungary HUN"]
[Date "2005.11.27"]
[Round "4"]
[White "Gyimesi,Z"]
[Black "Vajda,L"]
[Result "1-0"]
[WhiteElo "2624"]
[BlackElo "2547"]

1.d4 Nf6 2.c4 g6 3.Nc3 Bg7 4.e4 d6 5.Nf3 O-O 6.Be2 e5 7.O-O Nc6 8.d5 Ne7
9.b4 a5 10.Ba3 axb4 11.Bxb4 b6 12.a4 Ne8 13.Qb3 Kh8 14.a5 c5 15.dxc6 bxa5
16.c7 Qxc7 17.Nb5 Qc6 18.Qa3 Ra6 19.Bxa5 Qa8 20.Nd2 Nc6 21.Nb3 Nxa5 22.Nxa5 Qxe4
23.Nc3 Qd4 24.Rfd1 Qc5 25.Qxc5 dxc5 26.Ne4 Ra7 27.Nb3 Rxa1 28.Rxa1 f5 29.Nexc5 e4
30.Ra7 Be5 31.g3 Nc7 32.Kg2 Re8 33.f4 Bd6 34.Nb7 Bxb7 35.c5 Bf8 36.Rxb7 Rc8
37.Bc4 Be7 38.h4 Kg7 39.Nd4 Kh8 40.Ne6 Nxe6 41.Bxe6 Rxc5 42.Rxe7 Rc2+ 43.Kh3 Rc1
44.Kg2 Rc2+ 45.Kf1 Rc1+ 46.Kf2 Rc2+ 47.Ke3 Rc3+ 48.Kd4 Rxg3 49.Ke5 Ra3 50.Kf6 Ra8
51.Kg5  1-0

[Event "18th Belgrade Trophy"]
[Site "Obrenovac SCG"]
[Date "2005.11.27"]
[Round "6"]
[White "Tadic,B"]
[Black "Vujic,M"]
[Result "1-0"]
[WhiteElo "2510"]
[BlackElo "2236"]

1.Nf3 d6 2.d4 Nf6 3.c4 g6 4.Nc3 Bg7 5.e4 O-O 6.Be2 e5 7.O-O Nc6 8.d5 Ne7
9.b4 Nh5 10.Re1 a5 11.bxa5 Rxa5 12.Nd2 Nf4 13.Bf1 Ra8 14.Nb3 c5 15.a4 f5
16.g3 Nh5 17.exf5 Nxf5 18.Ne4 Nf6 19.Bg5 Nd4 20.Nxd4 exd4 21.Bd3 Bh3 22.Qb1 Qd7
23.Bxf6 Bxf6 24.f4 Bd8 25.Qb5 Qxb5 26.axb5 Ba5 27.Re2 Bc3 28.Rxa8 Rxa8 29.Nxc3 dxc3
30.Rc2 Ra7 31.Kf2 Bg4 32.Ke3 Kf7 33.Rc1 Kf6 34.Be4 Bf5 35.Bxf5 Kxf5 36.Kd3 Kg4
37.Re1 c2 38.Kxc2 Ra2+ 39.Kb3 Rxh2 40.Re7 Kxg3 41.Rxb7 Kxf4 42.b6 Rh1 43.Ka4 h5
44.Rg7 g5 45.Rg6 g4 46.Rxd6 g3 47.Rg6 h4 48.d6 h3 49.d7 Ra1+ 50.Kb5 Ra8 51.Rc6 Rd8
52.b7 h2 53.Rc8 h1=Q 54.b8=Q+  1-0

[Event "18th Belgrade Trophy"]
[Site "Obrenovac SCG"]
[Date "2005.11.27"]
[Round "6"]
[White "Pantovic,D"]
[Black "Pancevski,F"]
[Result "1/2-1/2"]
[WhiteElo "2118"]
[BlackElo "2300"]

1.d4 Nf6 2.c4 g6 3.Nc3 Bg7 4.e4 d6 5.Be2 O-O 6.Nf3 e5 7.O-O Nc6 8.Be3 Ng4
9.Bg5 f6 10.Bc1 f5 11.Bg5 Qe8 12.dxe5 Ngxe5 13.exf5 Bxf5 14.Nd5 Qd7 15.Qd2 Rae8
16.Ne3 Be6 17.Nxe5 Nxe5 18.Rad1 h6 19.Bh4 Qf7 20.b3 Kh8 21.Bg3 a6 22.Nc2 Qf6
23.Nd4 Bc8 24.Rfe1 h5 25.h4 Nd7 26.Nf3 Nc5 27.Ng5 Bf5 28.Bf3 Qc3 29.Rxe8 Rxe8
30.Nf7+ Kh7 31.Ng5+ Kh8 32.Nf7+ Kh7 33.Ng5+  1/2-1/2

[Event "18th Belgrade Trophy"]
[Site "Obrenovac SCG"]
[Date "2005.11.29"]
[Round "8"]
[White "Ristic,Neb2"]
[Black "Pancevski,F"]
[Result "1-0"]
[WhiteElo "2192"]
[BlackElo "2300"]

1.d4 Nf6 2.c4 d6 3.Nf3 g6 4.Nc3 Bg7 5.e4 O-O 6.Be2 e5 7.O-O Nc6 8.d5 Ne7
9.b4 a5 10.bxa5 Rxa5 11.Nd2 c5 12.dxc6 bxc6 13.Nb3 Ra8 14.a4 Qc7 15.Ba3 Rd8
16.Qc2 Be6 17.Rfd1 Ne8 18.a5 f5 19.f3 Nf6 20.Na4 Nc8 21.Kh1 Rb8 22.Rab1 Bf8
23.Bd3 fxe4 24.Bxe4 Ne7 25.Nb6 Nf5 26.Bc1 Nd7 27.Bg5 Re8 28.g4 Ng7 29.Be3 Be7
30.Rd2 Nf6 31.Rbd1 Red8 32.h3 Rf8 33.Rf2 Rf7 34.Rdf1 Rff8 35.f4 Nxe4 36.Qxe4 Bh4
37.Rf3 exf4 38.Rxf4 Rxf4 39.Bxf4 Rf8 40.Rd1 Qf7 41.Bxd6 Re8 42.Qxc6 Qf6 43.Nd4 Bf7
44.Bh2 Ne6 45.Nxe6 Rxe6 46.Qg2 Qc3 47.Bg1 Be8 48.Nd5 Qxc4 49.Rd4 Qb3 50.Rb4  1-0

[Event "18th Belgrade Trophy"]
[Site "Obrenovac SCG"]
[Date "2005.11.30"]
[Round "9"]
[White "Brkljaca,A"]
[Black "Vujic,M"]
[Result "1-0"]
[WhiteElo "2377"]
[BlackElo "2236"]

1.d4 Nf6 2.Nf3 g6 3.c4 Bg7 4.Nc3 d6 5.e4 O-O 6.Be2 e5 7.O-O Nc6 8.d5 Ne7
9.Ne1 Ne8 10.Nd3 f5 11.f3 c5 12.Rb1 f4 13.b4 b6 14.bxc5 bxc5 15.Bd2 g5 16.Qa4 h5
17.Nf2 Rf7 18.Rb2 Bh6 19.Rfb1 Bd7 20.Qa6 Rg7 21.h3 Bc8 22.Qa3 Qc7 23.Ncd1 a5
24.Nc3 a4 25.Be1 Nf6 26.Nb5 Qd8 27.Nxd6 Bd7 28.Nb7 Qf8 29.Nxc5 Bc8 30.Rb8 Rxb8
31.Rxb8 g4 32.hxg4 hxg4 33.fxg4 f3 34.Ne6 Qe8 35.Nxg7 Kxg7 36.Bxf3 Nd7 37.Rb1 Bf4
38.Nh3 Ng6 39.c5 Qf8 40.d6 Nh4 41.Bxh4  1-0

[Event "2nd Bundesliga West 2005-6"]
[Site "Austria AUT"]
[Date "2005.12.03"]
[Round "4"]
[White "Ager,J"]
[Black "Bezler,R"]
[Result "0-1"]
[WhiteElo "2246"]
[BlackElo "2207"]

1.d4 Nf6 2.c4 g6 3.Nc3 Bg7 4.e4 d6 5.Nf3 O-O 6.Be2 e5 7.O-O Nc6 8.d5 Ne7
9.Ne1 Nd7 10.Bd2 f5 11.Nd3 fxe4 12.Nxe4 Nf6 13.f3 Nf5 14.Qc1 Nd4 15.Re1 Nxe4
16.fxe4 Qh4 17.Bd1 Bg4 18.Bxg4 Qxg4 19.Qd1 Qh4 20.Rc1 Rf7 21.c5 Bh6 22.cxd6 cxd6
23.Be3 Raf8 24.Qd2 Bxe3+ 25.Qxe3 Rf3 26.Qd2 Rh3 27.Rf1 Rxh2 28.Rxf8+ Kxf8
29.Qf2+ Ke8 30.Qxh4 Rxh4 31.Rc7 Rxe4 32.Rxb7 Re3 33.Nb4 Re2 34.Nc6 Nf5 35.a4 Ne3
36.a5 Rxg2+ 37.Kh1 Rc2 38.a6 Nxd5 39.Nxa7 Rc1+ 40.Kh2 Ra1 41.b4 Rxa6 42.b5 Rb6
43.Rxh7 Nf6 44.Rg7 Kf8 45.Rxg6 Kf7 46.Rg1 Ke6 47.Ra1 Nd5 48.Kg3 Nc7 49.Ra5 Kd5
50.Kf3 Kc5 51.Ra1 Nxb5 52.Rc1+ Kd5 53.Nc8 Nd4+  0-1

[Event "TCh-CZE Extraliga 2005-6"]
[Site "Czech Rep CZE"]
[Date "2005.12.03"]
[Round "5"]
[White "Bernasek,J"]
[Black "Cerveny,M"]
[Result "1/2-1/2"]
[WhiteElo "2440"]
[BlackElo "2226"]

1.d4 Nf6 2.c4 g6 3.Nc3 Bg7 4.e4 d6 5.Nf3 O-O 6.Be2 e5 7.O-O Nc6 8.d5 Ne7
9.Ne1 Nd7 10.Be3 f5 11.f3 f4 12.Bf2 g5 13.Rc1 Rf6 14.c5 a6 15.cxd6 cxd6 16.Qb3 h5
17.Nd3 Rg6 18.Qd1 Kh7 19.Kh1 Ng8 20.Na4 Nh6 21.Qc2 g4 22.Bg1 b5 23.Qc6 Rb8
24.Ba7 Rb7 25.Qxc8 Qxc8 26.Rxc8 Rxa7 27.Nc3 Nb6 28.Rc6 Nc4 29.Nb4 Ne3 30.Rg1 h4
31.Rxa6 Rb7 32.fxg4 Nhxg4 33.h3 Nf2+ 34.Kh2 f3 35.Bxf3 Bh6 36.Ne2 Rbg7 37.Ra3 Rg3
38.Nd3 Nxd3 39.Rxd3 R3g6 40.Rb3 Rb7 41.Kh1 Rgg7 42.a4 bxa4 43.Ra3 Rb4 44.Nc3 Ra7
45.Ra2 Nc4 46.Rxa4 Rbxa4 47.Nxa4 Rxa4 48.b3 Rb4 49.bxc4 Rxc4 50.Bg4 Bf4 51.Rf1 Kg7
52.Bf3 Kf6 53.Re1 Kg5 54.Kg1 Rc1 55.Rxc1 Bxc1 56.Kf2  1/2-1/2